Prievidza
| Format: | Image |
|---|---|
| Language: | English |
| PhysicalDescription: | 1 s. |
| Published: |
Bratislava
VPL
1960
|
MARC
| LEADER | 00000nkm a2200000 a 4500 | ||
|---|---|---|---|
| 001 | vtls008187909 | ||
| 003 | SK-MaSNL | ||
| 005 | 20260224204046.0 | ||
| 008 | 200701 000 vleng | ||
| 040 | |a SNK |b slo |c SNK |e AACR2 | ||
| 245 | 1 | 0 | |a Prievidza |h grafika |
| 260 | |a Bratislava |b VPL |c 1960 | ||
| 300 | |a 1 s. | ||
| 500 | |a pohľadnica | ||
| 958 | |a GBN | ||
| 999 | |c 1163592 |d 1165522 | ||
| 952 | |a SNK |b SNK |y PREZ |7 0 |p 17A0481058 |o snkSP 40901 |3 rekatalogizácia |0 0 |1 0 |4 0 |d 2005-08-03 |l 0 |r 2026-02-24 20:40:47 |w 2026-02-24 | ||


